Bude mať Slovensko novú ekonomiku ?

Rozhovor s doc. Ing. Petrom Mihókom, CSc. predsedom SOPK. Stav ekonomiky na prahu 2005, problémy štruktúry ekonomiky. Nezamestnanosť stále zostáva lákavou ponukou pre nových investorov najmä nízkou cenou pracovnej sily. Verejný dlh stále rastie. Problémy malých a stredných podnikov v rámci adaptáci...

Description complète

Enregistré dans:
Détails bibliographiques
Auteur principal: Hvizdoš, Ladislav
Autres auteurs: Mihók, Peter
Format: Chapitre de livre
Langue:slovaque
Sujets:
Tags: Ajouter un tag
Pas de tags, Soyez le premier à ajouter un tag!

MARC

LEADER 00000naa$a2200000$$$4500
001 0026257
005 20230622114910.4
041 0 |a slo 
044 |a SK 
245 1 0 |a Bude mať Slovensko novú ekonomiku ?  |c Ladislav Hvizdoš, Peter Mihók 
520 |a Rozhovor s doc. Ing. Petrom Mihókom, CSc. predsedom SOPK. Stav ekonomiky na prahu 2005, problémy štruktúry ekonomiky. Nezamestnanosť stále zostáva lákavou ponukou pre nových investorov najmä nízkou cenou pracovnej sily. Verejný dlh stále rastie. Problémy malých a stredných podnikov v rámci adaptácie na podmienky v EÚ. Úloha bánk v modernej ekonomike. Školstvo stojí pred zmenou štruktúry a veľkými adaptačnými problémami. Nízka úroveň etických vzťahov u nás, šírenie korupcie. Komora otvára podnikateľom prístup na zahraničné trhy. Vzťahy komory s orgánmi vlády a ďalšími centrálnymi inštitúciami. 
610 2 0 |a komory obchodné 
610 2 0 |a komory hospodárske 
610 2 0 |a SOPK Bratislava 
610 2 0 |a Slovensko 
610 2 0 |a štruktúra ekonomická 
610 2 0 |a podnikanie malé 
610 2 0 |a podnikanie stredné 
610 2 0 |a bankovníctvo 
610 2 0 |a etika 
610 2 0 |a etika hospodárska 
610 2 0 |a etika podnikateľská 
610 2 0 |a ekonomika nová 
100 1 |a Hvizdoš, Ladislav 
700 1 |a Mihók, Peter